LEADER 00947nas a2200229 i 4500 001 000000161096 003 CaOOAMICUS 005 20080728000000.0 008 070502b2007 it uu s u0 0ita r 013 $a138459 040 $aSeMil$bita 245 13$aLe Feste dei Santi. 260 $a[Roma] :$bSIAE, Espressione Edizioni Musicali,$ccopyr. 2007. 260 $aLeumann (Torino) :$bElledici,$ccopyr. 2007. 500 $aAllegato al N. 2/2007. 773 0 $tArmonia di Voci.$dLeumann : Elle Di Ci, 1946-2013.$x0391-5425$w()1921 850 $aSeMil 852 $aSeMil$W1$xVenegono$y1$m100 6 43/2 CD$j112529$B112529$CSeMilBibl$Z2$F135685 $85 961 $aAbbonamento: Centro Editoriale Dehoniano 996 $6245$aLe Feste dei Santi$9(OLS)http://semarc/title/144006 996 $6260$aLeumann (Torino) :$bElledici$9(OLS)http://semarc/publisher/31236 996 $6260$a[Roma] :$bSIAE, Espressione Edizioni Musicali$9(OLS)http://semarc/publisher/44376 LEADER 01125nam a2200229 i 4500 001 000000182627 003 CaOOAMICUS 005 20091027000000.0 008 091027s1914 it u000 u ita u 013 $a160584 040 $aSeMil$bita 245 10$aFeste e misteri cristiani :$bdiscorsi /$cMons. L. Carlo Gay Vescovo di Anthédon già Ausiliario di sua Eminenza il Cardinal Pie Versione dal francese del Sac. Andrea Anselmi. 260 $aNapoli :$bRondinella & Loffredo,$c1914. 300 $a405 p. ;$c20 cm. 650 4$aFeste cristiane.$0(OLS)http://semarc/subject/774 650 4$aAnno liturgico - Meditazioni.$0(OLS)http://semarc/subject/2238 650 4$aGay, Charles <1815-1892> - Scritti, discorsi, omelie, lettere pastorali, etc.$0(OLS)http://semarc/subject/34534 700 1 $aAnselmi, Andrea.$0(OLS)http://semarc/name/32781 850 $aSeMil 852 $aSeMil$W1$xVenegono$y1$m3D III 177$j133331$B133331$CSeMilBibl$Z2$F145086 $81 996 $6245$aFeste e misteri cristiani :$bdiscorsi$9(OLS)http://semarc/title/262014 996 $6260$aNapoli :$bRondinella & Loffredo$9(OLS)http://semarc/publisher/33514